<?xml version="1.0" encoding="UTF-8"?>
<record
    xmlns:xsi="http://www.w3.org/2001/XMLSchema-instance"
    xsi:schemaLocation="http://www.loc.gov/MARC21/slim http://www.loc.gov/standards/marcxml/schema/MARC21slim.xsd"
    xmlns="http://www.loc.gov/MARC21/slim">

  <leader>00393nam a2200145Ia 4500</leader>
  <controlfield tag="008">230411s9999    xx            000 0 und d</controlfield>
  <datafield tag="020" ind1=" " ind2=" ">
    <subfield code="a">81-8448-027-X</subfield>
  </datafield>
  <datafield tag="041" ind1=" " ind2=" ">
    <subfield code="a">eng</subfield>
  </datafield>
  <datafield tag="082" ind1=" " ind2=" ">
    <subfield code="a">F/610.7302/DOE/MOO/B06106</subfield>
  </datafield>
  <datafield tag="100" ind1=" " ind2=" ">
    <subfield code="a">Doenges Marilynn &amp; Moorhouse Mary</subfield>
  </datafield>
  <datafield tag="245" ind1=" " ind2=" ">
    <subfield code="a">Nursing Care Plans</subfield>
  </datafield>
  <datafield tag="260" ind1=" " ind2=" ">
    <subfield code="b">Jaypee Brothers</subfield>
    <subfield code="a">Philadelphia</subfield>
    <subfield code="c">2007</subfield>
  </datafield>
  <datafield tag="300" ind1=" " ind2=" ">
    <subfield code="a">988p</subfield>
  </datafield>
  <datafield tag="999" ind1=" " ind2=" ">
    <subfield code="c">156548</subfield>
    <subfield code="d">156548</subfield>
  </datafield>
  <datafield tag="952" ind1=" " ind2=" ">
    <subfield code="0">0</subfield>
    <subfield code="1">0</subfield>
    <subfield code="4">0</subfield>
    <subfield code="7">3</subfield>
    <subfield code="8">F</subfield>
    <subfield code="a">BTIN</subfield>
    <subfield code="b">BTIN</subfield>
    <subfield code="d">2010-02-11</subfield>
    <subfield code="e">Jaypee Brothers Medical Publishers</subfield>
    <subfield code="g">995.00</subfield>
    <subfield code="i">5499</subfield>
    <subfield code="o">F 610.7302 DOE MOO B06106</subfield>
    <subfield code="p">BTIN-BK-6106</subfield>
    <subfield code="r">2023-04-11 00:00:00</subfield>
    <subfield code="v">721.00</subfield>
    <subfield code="w">2010-02-11</subfield>
    <subfield code="y">BK</subfield>
    <subfield code="z">B06106</subfield>
  </datafield>
  <datafield tag="952" ind1=" " ind2=" ">
    <subfield code="0">0</subfield>
    <subfield code="1">0</subfield>
    <subfield code="4">0</subfield>
    <subfield code="7">3</subfield>
    <subfield code="8">F</subfield>
    <subfield code="a">BTIN</subfield>
    <subfield code="b">BTIN</subfield>
    <subfield code="d">2015-08-19</subfield>
    <subfield code="e">S.K.Kothari,Pune.</subfield>
    <subfield code="g">1495.00</subfield>
    <subfield code="i">5499</subfield>
    <subfield code="o">F 610.73 DOE B07958</subfield>
    <subfield code="p">BTIN-BK-7958</subfield>
    <subfield code="r">2023-04-11 00:00:00</subfield>
    <subfield code="v">1046.50</subfield>
    <subfield code="w">2010-02-11</subfield>
    <subfield code="y">BK</subfield>
    <subfield code="z">B07958</subfield>
  </datafield>
  <datafield tag="952" ind1=" " ind2=" ">
    <subfield code="0">0</subfield>
    <subfield code="1">0</subfield>
    <subfield code="4">0</subfield>
    <subfield code="7">0</subfield>
    <subfield code="8">F</subfield>
    <subfield code="a">BTIN</subfield>
    <subfield code="b">BTIN</subfield>
    <subfield code="d">2016-05-13</subfield>
    <subfield code="e">Jaypee Brothers Medical Publishers</subfield>
    <subfield code="g">1495.00</subfield>
    <subfield code="i">5499</subfield>
    <subfield code="l">3</subfield>
    <subfield code="m">2</subfield>
    <subfield code="o">F 610.73 DOE B08216</subfield>
    <subfield code="p">BTIN-BK-8216</subfield>
    <subfield code="r">2024-12-13 00:00:00</subfield>
    <subfield code="s">2024-12-05</subfield>
    <subfield code="v">1046.50</subfield>
    <subfield code="w">2010-02-11</subfield>
    <subfield code="y">BK</subfield>
    <subfield code="z">B08216</subfield>
  </datafield>
  <datafield tag="952" ind1=" " ind2=" ">
    <subfield code="0">0</subfield>
    <subfield code="1">0</subfield>
    <subfield code="4">0</subfield>
    <subfield code="7">0</subfield>
    <subfield code="8">F</subfield>
    <subfield code="a">BTIN</subfield>
    <subfield code="b">BTIN</subfield>
    <subfield code="d">2016-05-13</subfield>
    <subfield code="e">Jaypee Brothers Medical Publishers</subfield>
    <subfield code="g">1495.00</subfield>
    <subfield code="i">5499</subfield>
    <subfield code="l">4</subfield>
    <subfield code="o">F 610.73 DOE B08217</subfield>
    <subfield code="p">BTIN-BK-8217</subfield>
    <subfield code="r">2024-12-21 00:00:00</subfield>
    <subfield code="s">2024-12-13</subfield>
    <subfield code="v">1046.50</subfield>
    <subfield code="w">2010-02-11</subfield>
    <subfield code="y">BK</subfield>
    <subfield code="z">B08217</subfield>
  </datafield>
</record>
